A- level year 2 Physics exam board: AQA complete revision and practice (Record no. 63648)

MARC details
000 -LEADER
fixed length control field 01924nam a2200313 a 4500
008 - FIXED-LENGTH DATA ELEMENTS--GENERAL INFORMATION
fixed length control field 201117s2015 ||||||||||||||||| || u
020 ## - INTERNATIONAL STANDARD BOOK NUMBER
International Standard Book Number 9781782943433
050 ## - LIBRARY OF CONGRESS CALL NUMBER
Classification number QC 20.8 Lev
100 ## - MAIN ENTRY--PERSONAL NAME
Personal name Williams, Sarah
245 10 - TITLE STATEMENT
Title A- level year 2 Physics exam board: AQA complete revision and practice
Statement of responsibility, etc. Edited by Emily Garrett; David Maliphant; Rachael Marshall; Sam Pilgrim; Frances Rooney; Charlotte Whiteley; Sarah Williams; Jonathan Wray
260 ## - PUBLICATION, DISTRIBUTION, ETC.
Place of publication, distribution, etc. Newcastle
Name of publisher, distributor, etc. CGP
Date of publication, distribution, etc. 2015
300 ## - PHYSICAL DESCRIPTION
Extent 174 pages: illustrations
350 ## -
-- 37.91
650 #0 - SUBJECT ADDED ENTRY--TOPICAL TERM
Topical term or geographic name entry element PHYSICS
650 ## - SUBJECT ADDED ENTRY--TOPICAL TERM
Topical term or geographic name entry element PHYSICS--EXAMINATIONS--STUDY GUIDES
700 ## - ADDED ENTRY--PERSONAL NAME
Personal name Wray, Jonathan
700 ## - ADDED ENTRY--PERSONAL NAME
Personal name Marshall, Rachael
700 ## - ADDED ENTRY--PERSONAL NAME
Personal name Maliphant, David
700 ## - ADDED ENTRY--PERSONAL NAME
Personal name Pilgrim, Sam
700 ## - ADDED ENTRY--PERSONAL NAME
Personal name Whiteley, Charlotte
700 ## - ADDED ENTRY--PERSONAL NAME
Personal name Rooney, Frances
700 ## - ADDED ENTRY--PERSONAL NAME
Personal name Garrett, Emily
995 ## -
-- MAIN LIBRARY OPEN ACCESS
-- 750582
-- CBU-MAIN LIBRARY (Kitwe)
-- 37.91
-- QC 20.8 Lev
-- 2
-- AVAILABLE
-- Dec 8, 2020
-- 750582
-- Main Library Open Access Collection
995 ## -
-- MAIN LIBRARY OPEN ACCESS
-- 750584
-- CBU-MAIN LIBRARY (Kitwe)
-- 37.91
-- QC 20.8 Lev
-- 4
-- AVAILABLE
-- Dec 8, 2020
-- 750584
-- Main Library Open Access Collection
995 ## -
-- MEDICAL LIBRARY OPEN ACCESS
-- 905200
-- CBU-SCHOOL OF MEDICINE LIBRARY (Ndola)
-- 37.91
-- QC 20.8 Lev
-- 1
-- AVAILABLE
-- Nov 23, 2020
-- 905200
-- Medical Library Open Access Collection
995 ## -
-- KAPASA MAKASA LIBRARY OPEN ACCESS
-- 17.25
-- 750644
-- CBU-KAPASA MAKASA LIBRARY (Chinsali)
-- 37.91
-- QC 20.8 Lev
-- 5
-- AVAILABLE
-- Jan 20, 2021
-- 750644
-- Kapasa Makasa Library Open Acess Collection
995 ## -
-- KAPASA MAKASA LIBRARY OPEN ACCESS
-- 17.25
-- 750645
-- CBU-KAPASA MAKASA LIBRARY (Chinsali)
-- 37.91
-- QC 20.8 Lev
-- 6
-- AVAILABLE
-- Jan 20, 2021
-- 750645
-- Kapasa Makasa Library Open Acess Collection
995 ## -
-- MAIN LIBRARY OPEN ACCESS
-- 750583
-- CBU-MAIN LIBRARY (Kitwe)
-- 37.91
-- QC 20.8 Lev
-- 3
-- AVAILABLE
-- Dec 8, 2020
-- 750583
-- Main Library Open Access Collection
999 ## -
-- 63648
-- 63648
Holdings
Withdrawn status Lost status Source of classification or shelving scheme Damaged status Not for loan Permanent Location Current Location Shelving location Date acquired Total Checkouts Full call number Barcode Date last seen Copy number Price effective from Koha item type
          CBU-MAIN LIBRARY, KITWE. CBU-MAIN LIBRARY, KITWE.   01/25/2023   QC 20.8 Lev 750582 01/25/2023 1 01/25/2023 MONOGRAPH
          CBU-MAIN LIBRARY, KITWE. CBU-MAIN LIBRARY, KITWE.   01/25/2023   QC 20.8 Lev 750584 01/25/2023 2 01/25/2023 MONOGRAPH
          CBU-MAIN LIBRARY, KITWE. CBU-MAIN LIBRARY, KITWE.   01/25/2023   QC 20.8 Lev 750583 01/25/2023 6 01/25/2023 MONOGRAPH
          CBU-SCHOOL OF MEDICINE LIBRARY, NDOLA. CBU-SCHOOL OF MEDICINE LIBRARY, NDOLA.   01/25/2023   QC 20.8 Lev 905200 01/25/2023 3 01/25/2023 MONOGRAPH